00579nam a2200205Ia 4500003000900000008004100009020001800050040001600068080001500084100002000099245009600119250001200215260004000227300001600267650002200283650001000305650002400315650001400339700002000353IN-BaIIA211028s9999 xx 000 0 eng d a81-7758-279-8 cIIA Library a539.1bBRA aBransden, B. H. 0aPhysics of atoms and moleculescB. H. Bransden and C. J. Joachain  a2nd ed. aNew DelhibDorling Kindersleyc2007 axiv, 1114p. aAtomic collisions aAtoms aMolecular structure aMolecules aJoachain, C. J.